| Tag |
First Indicator |
Second Indicator |
Subfields |
| LEADER |
00000cam a2200000 4500 |
| 001 |
in00000090546 |
| 005 |
20151008063746.0 |
| 008 |
720112s1961 nyua 00000 eng |
| 010 |
|
|
|a 61005074
|
| 035 |
|
|
|a (OCoLC)00204235
|
| 035 |
|
|
|9 AAK2872AM
|
| 040 |
|
|
|a DLC
|c WSU
|d SER
|d m.c.
|d TXA
|d UtOrBLW
|
| 049 |
|
|
|a TXAM
|c 1 [1127926], 2 [333159]
|
| 050 |
0 |
0 |
|a BF698
|b L83
|
| 082 |
0 |
|
|a 137
|
| 100 |
1 |
|
|a Lundin, Robert William.
|
| 245 |
1 |
0 |
|a Personality, an experimental approach.
|
| 264 |
|
1 |
|a New York :
|b Macmillan,
|c [1961]
|
| 264 |
|
4 |
|c [©1961]
|
| 300 |
|
|
|a 450 pages :
|b illustrations ;
|c 22 cm.
|
| 336 |
|
|
|a text
|b txt
|2 rdacontent
|
| 337 |
|
|
|a unmediated
|b n
|2 rdamedia
|
| 338 |
|
|
|a volume
|b nc
|2 rdacarrier
|
| 650 |
|
0 |
|a Personality.
|
| 999 |
|
|
|a MARS
|
| 999 |
f |
f |
|s 945d992d-a607-3edf-801b-a9d89090036b
|i 626a6383-7c6f-3c16-8284-0f4abcf06c2c
|t 0
|
| 952 |
f |
f |
|p ric
|a Texas A&M University
|b Rellis Campus
|c Joint Library Facility
|d Remote Storage
|t 0
|e BF698 L83
|h Library of Congress classification
|i unmediated -- volume
|m A14801695033
|
| 998 |
f |
f |
|a BF698 L83
|t 0
|l Remote Storage
|